Vida y obra del Rvdmo. P. M. Fray Martín Sarmiento (1695-1772) : (Record n. 3599)
[ formato base ]
| 000 -LEADER | |
|---|---|
| fixed length control field | 00980nam a2200253 i 4500 |
| 003 - CONTROL NUMBER IDENTIFIER | |
| control field | IT-RoINE |
| 005 - DATE AND TIME OF LATEST TRANSACTION | |
| control field | 20141111153505.0 |
| 008 - FIXED-LENGTH DATA ELEMENTS--GENERAL INFORMATION | |
| fixed length control field | 040927s2003 sp | r o001 |bspa d |
| 020 ## - INTERNATIONAL STANDARD BOOK NUMBER | |
| International Standard Book Number | 840008151X |
| 024 7# - OTHER STANDARD IDENTIFIER | |
| Standard number or code | NIPO 403-03-074-0 |
| Source of number or code | nipo |
| 040 ## - CATALOGING SOURCE | |
| Original cataloging agency | SpMaBN |
| Language of cataloging | spa |
| Transcribing agency | IT-RoINE |
| Description conventions | rdc |
| Modifying agency | IT-RoINE |
| 245 10 - TITLE STATEMENT | |
| Title | Vida y obra del Rvdmo. P. M. Fray Martín Sarmiento (1695-1772) : |
| Remainder of title | sacada a la letra de un manuscrito anónimo del S. XVIII / |
| Statement of responsibility, etc | edición de Isidro García Tato y Felipe Valdés Hansen. |
| 260 ## - PUBLICATION, DISTRIBUTION, ETC. (IMPRINT) | |
| Place of publication, distribution, etc | Santiago de Compostela : |
| Name of publisher, distributor, etc | Instituto de Estudios Gallegos "Padre Sarmiento", |
| Date of publication, distribution, etc | 2003. |
| 300 ## - PHYSICAL DESCRIPTION | |
| Extent | XXXVIII, 352 p. ; |
| Dimensions | 25 cm. |
| 336 ## - CONTENT TYPE | |
| Source | rdacontent |
| Content type term | text |
| 337 ## - MEDIA TYPE | |
| Source | rdamedia |
| Media type term | unmediated |
| 338 ## - CARRIER TYPE | |
| Source | rdacarrier |
| Carrier type term | volume |
| 500 ## - GENERAL NOTE | |
| General note | Incluye índice. |
| 500 ## - GENERAL NOTE | |
| General note | Incluye apéndice. |
| 600 14 - SUBJECT ADDED ENTRY--PERSONAL NAME | |
| 9 (RLIN) | 6167 |
| Personal name | Sarmiento, Martín, |
| Titles and other words associated with a name | O.S.B., |
| Dates associated with a name | 1695-1772 |
| General subdivision | Biografía |
| 700 1# - ADDED ENTRY--PERSONAL NAME | |
| Personal name | García Tato, Isidro |
| 9 (RLIN) | 7400 |
| 700 1# - ADDED ENTRY--PERSONAL NAME | |
| Personal name | Valdés Hansen, Felipe, |
| Dates associated with a name | 1975- |
| 9 (RLIN) | 7401 |
| 942 ## - ADDED ENTRY ELEMENTS (KOHA) | |
| Item type | Monografías |
| Withdrawn status | Lost status | Damaged status | Not for loan | Home library | Current library | Date acquired | Total Checkouts | Full call number | Barcode | Date last seen | Price effective from | Koha item type |
|---|---|---|---|---|---|---|---|---|---|---|---|---|
| Iglesia Nacional Española en Roma | Iglesia Nacional Española en Roma | 08/05/2014 | BIO 1594 | 4063 | 08/05/2014 | 08/05/2014 | Monografías |